banner-ar

ENVIRONMENTAL SCIENCE / (Record no. 10907)

MARC details
000 -الفاتح
حقل البيانات ثابتة الطول 00586nam a2200217Ia 4500
008 - عناصر البيانات ثابتة الطول - معلومات عامة
حقل البيانات ثابتة الطول 140319s9999 xx 000 0 eng d
040 ## - مصدر الفهرسة
وكالة الفهرسة الأصلية GCL /
وكالة النسخ GCL
082 04 - رقم تصنيف ديوى العشرى
رقم التصنيف 363.7
رقم المادة A E
100 1# - المدخل الرئيسى - إسم شخصى
الإسم الشخصى ANDERSON, STANLES H.
245 10 - بيان العنوان
العنوان ENVIRONMENTAL SCIENCE /
بيان المسئوليه,etc ANDERSON, STANLES H.
700 1# - المدخل الاضافى - اسم شخصى
الإسم الشخصى BEISWENGER, PANALDE
700 1# - المدخل الاضافى - اسم شخصى
الإسم الشخصى PURDOM, P.
260 ## - PUBLICATION, DISTRIBUTION, ETC. (IMPRINT)
تاريخ النشر أو التوزيع 1993
300 ## - الوصف المادى
التعداد 488 P
650 04 - المدخل الاضافى بالموضوع-مصطلح موضوعى
مصطلح موضوعي ENVIRONMENTAL POLICY
650 04 - المدخل الاضافى بالموضوع-مصطلح موضوعى
مصطلح موضوعي ECOLOGY
650 04 - المدخل الاضافى بالموضوع-مصطلح موضوعى
مصطلح موضوعي ENVIRONMENT OF PRATECTION
650 04 - المدخل الاضافى بالموضوع-مصطلح موضوعى
مصطلح موضوعي HUMAN ECOLOGY
942 ## - عناصر المدخل الإضافي( كوها)
مصدر التصنيف او مخطط الترفيف Dewey Decimal Classification
Koha [default] item type كتاب
260 ## - PUBLICATION, DISTRIBUTION, ETC. (IMPRINT)
-- [S.N] :
-- MACMILLON PUBLISHING CONPANY ،
Holdings
حالة التراجع حالة الفقد حالة تلف ليس للاعارة المكان المؤقت الموقع الحالى تاريخ الاكتساب اجمالي اﻻعارات رقم الطلب الباركود تاريخ اخر مشاهدة تاريخ تفعيل السعر نوع وعاء كوها
        مكتبة القاهرة الكبرى مكتبة القاهرة الكبرى 03/26/2014   363.7\A E 21839 03/26/2014 03/26/2014 كتاب

Powered By

EGPV